LEADER 01007nam a22002411i 4500 001 991001385639707536 005 20030225191340.0 008 021219s1974 sz |||||||||||||||||fre 035 $ab12139828-39ule_inst 035 $aARCHE-022962$9ExL 040 $aDip.to Filologia Ling. e Lett.$bita$cA.t.i. Arché s.c.r.l. Pandora Sicilia s.r.l. 100 1 $aDroz, Eugenie$0387094 245 13$aLe recueil Trepperel :$bles sotties /$cEugenie Droz 260 $aGenève :$bSlatkine,$c1974 300 $aLXXIV, 393 p. ;$c21 cm 650 4$aCommedia francese$ySec. 15.-16. 907 $a.b12139828$b02-04-14$c01-04-03 912 $a991001385639707536 945 $aLE008 FL.M. FR. XIV A 13$g1$i2008000311322$lle008$o-$pE0.00$q-$rl$s- $t0$u0$v0$w0$x0$y.i12463401$z01-04-03 945 $aLE008 FL.M. FR. XIV A 13 c.2$g2$i2008000311339$lle008$o-$pE0.00$q-$rl$s- $t0$u0$v0$w0$x0$y.i12463413$z01-04-03 996 $aRecueil Trepperel$9149549 997 $aUNISALENTO 998 $ale008$b01-04-03$cm$da $e-$ffre$gsz $h3$i2 LEADER 01300nam a2200289 i 4500 001 991001991399707536 008 130226s2012 paua b 001 0 eng d 020 $a9780768008852 035 $ab14103473-39ule_inst 040 $aDip.to Ingegneria dell'Innovazione$beng 082 0 $a621.43$223 100 1 $aGreuter, Ernst,$d1922-1995$0478209 245 10$aEngine failure analysis :$binternal combustion engine failures and their causes /$cby Ernst Greuter and Stefan Zima : translated by Peter L. Albrecht 260 $aWarrendale, Pa. :$bSAE International,$cc2012 300 $axiv, 568 p. :$bill. ;$c26 cm 504 $aIncludes bibliographical references and index 650 0$aInternal combustion engines 650 0$aStructural failures 650 0$aMachine parts$xFailures 700 1 $aZima, Stefan$eauthor$4http://id.loc.gov/vocabulary/relators/aut$0732337 700 1 $aAlbrecht, Peter L. 907 $a.b14103473$b28-01-14$c14-03-13 912 $a991001991399707536 945 $aLE026 621.43 GRE 01.01 2012$g1$i2026000063577$lle026$nLibro senza sconto con magg. 15% (?99,85+?14,98 = ?114,83)$op$pE114.83$q-$rl$s- $t4$u4$v0$w4$x0$y.i15494561$z28-03-13 996 $aEngine failure analysis$91442845 997 $aUNISALENTO 998 $ale026$b26-02-13$cm$da $e-$feng$gpau$h0$i0